| 000 | 01039nam a22002897a 4500 | ||
|---|---|---|---|
| 005 | 20150216162509.0 | ||
| 010 | _aENG-103194 B-463300-329 | ||
| 020 |
_a9780071332156 _c495.00 |
||
| 020 | _c575.00 | ||
| 020 |
_a0071332154 _c495.00 |
||
| 035 | _aEN-86727 B-463300-329 | ||
| 035 | _aB-538216(RP) | ||
| 037 |
_bDBAD / PUB _adpl |
||
| 037 |
_bK K Publisher _adpl |
||
| 037 | _bRBC/Ven | ||
| 082 | _a000 | ||
| 100 | _aSharma, Arun | ||
| 245 |
_aHow to prepare for data interpretation & logical reasoning for the CAT / _cby Arun Sharma |
||
| 250 | _a6th ed | ||
| 260 |
_aNew Delhi _bTata McGraw Hill _c2011 |
||
| 270 |
_a7, West Patel Nagar _bNew Delhi _e110002 |
||
| 300 |
_avarious pagings _c29cm (pbk) |
||
| 490 | _aTata McGraw Hill's winning edge series | ||
| 942 |
_2ddc _cEN _h000 _mSHA |
||
| 999 |
_c54696 _d54696 |
||